Statistiques concernant Les Meilleurs buteurs de le Championnat d'Espagne 2022-2023

Cliquez ici pour prendre le quiz!

Statistiques générales

  • Ce quiz a été pris 51 fois
  • Le résultat moyen est 7 sur 12

Statistiques - réponses

ButsNationalitéClubJoueur% Correct
19FranceReal Madrid Karim Benzema
100%
23PologneFC Barcelone Robert Lewandowski
100%
15FranceAtlético de MadridAntoine Griezmann
96%
13EspagneAtlético de MadridÁlvaro Morata
81%
12EspagneCelta de Vigo Iago Aspas
56%
16EspagneEspanyol de Barcelone Joselu
52%
15EspagneReal Betis Borja Iglesias
48%
12NorvègeReal SociedadAlexander Sørloth
42%
14TurquieGetafe CF Enes Ünal
35%
12SénégalVillarreal CFNicolas Jackson
29%
15KosovoRCD MajorqueVedat Muriqi
19%
13ArgentineGirona FCValentín Castellanos
15%

Distribution des résultats

Percentile par nombre de réponses

% des personnes avec chaque résultat

Votre développement - résultats

Vous n’avez pas pris ce quiz